A gestô do PCMSO (Programa de Controle Mďico de Sad︢e Ocupacional)

Detalles Bibliográficos
Autor principal: Veloso, Gustavo Franco
Formato: eBook
Lenguaje:portugués
Publicado: San Pablo: LTR, 2018
Materias:
Acceso en línea:Acceso restringido

MARC

LEADER 00000nam a22000007a 4500
005 20190519160823.0
007 cr|||| ||||
008 190519s2011 br |||||s|||| 00||0 por d
020 |a 978-85-361-9791-3 
035 |a 23422 
040 |a vLex 
090 |c 8771  |d 8771 
100 1 |a Veloso, Gustavo Franco 
245 1 1 |a A gestô do PCMSO (Programa de Controle Mďico de Sad︢e Ocupacional)  |h [Recurso electrn̤ico] /  |c Gustavo Franco Veloso 
256 |a Servicio en ln̕ea 
260 |a San Pablo:  |b LTR,  |c 2018  
300 |a 1 recurso electrn̤ico 
500 |a Esta obra tem como pb︢lico-alvo os Mďicos do Trabalho e os Gerentes de Sad︢e e Seguranȧ do Trabalho das empresas. Ela est ̀dividida em quatro partes: a primeira delas na orientaȯ̂ dos profissionais sobre alguns procedimentos bs̀icos da atuaȯ̂ do MPT e na apresentaȯ̂ de estats̕ticas acerca dos procedimentos relacionados ̉Medicina do Trabalho; a segunda parte compila rol das irregularidades mais frequentes nos inquřitos sobre o tema PCMSO no ḿbito do MPT/MG; a terceira parte apresenta ao leitor as consequn̊cias jurd̕icas que a omissô da gestô do PCMSO acarreta para as empresa e para o prp̤rio Mďico do Trabalho; e, finalmente, a quarta parte traz uma orientaȯ̂ tčnica para a elaboraȯ̂ do PCMSO dentro de um modelo de gestô, incluindo um exemplo de refern̊cia. 
506 1 |a Disponible solo en los productos indicados  |d vLex Global  |d vLex Global (Academic Edition, excluding Law Schools)  |d vLex Global (U.S. Academic Edition, Law Schools)  |d vLex Global (U.S. Academic Edition, excluding Law Schools)  |d vLex Global (Academic Edition, Law Schools) 
650 0 4 |a Seguridad Social  |z Brasil 
650 0 4 |a Seguridad y Salud Laboral  |z Brasil 
740 0 |a vLex Libros (Servicio en ln̕ea) 
856 4 0 |u http://vlex.com/source/gest-o-do-pcmso-programa-de-controle-medico-de-saude-ocupacional--23422  |z Acceso restringido 
942 |c BOOK 
999 0 |a Social Security 
999 0 |a Occupational Health and Safety